000 00396nam a22001217a 4500
082 _a200 THE
100 _aAnum Yasmin
_970523
245 _aTH-SOF-1096-Preference Based Requirement Analysis and Policy Development For sCRM On Web 2.0
260 _aISLAMABAD
_bNUST COLLEGE OF EME
_c2015
650 _aMS-CSE-13 MSTHESIS
_969839
700 _aSUPERVISOR Dr. Nazar Abbas Saqib
_969840
942 _cCF
999 _c577494
_d577494